00619 2200253 4500001002100000005001500021035002000036008004100056245003900097100002100136250000600157260003800163300001900201020001800220022000600238024000600244084001800250082001200268650001500280863000600295856004600301990000900347990000900356INLIS00000000000284320230526090053 a0010-0322000158230526 0 ind 1 a100 lagu wajib /cDjarot Pamungkas aDjarot Pamungkas a1 aSurabaya :bDafa publising,c2012 a136hal ;c25cm a9786029946154 a0 a0 a782.265 DJA i a782.265 4alagu wajib a0 aPengetahuan olahraga,Kesenian & Kesehatan a4835 a4835